banner-ar

اليهودية التبشيرية فى الكتب المقدسة والى اليوم : خطورتها وترابطها / (Record no. 29949)

MARC details
000 -الفاتح
حقل البيانات ثابتة الطول 00734nam a2200193Ia 4500
008 - عناصر البيانات ثابتة الطول - معلومات عامة
حقل البيانات ثابتة الطول 140319s9999 xx 000 0 ara d
040 ## - مصدر الفهرسة
وكالة الفهرسة الأصلية GCL /
وكالة النسخ GCL
082 04 - رقم تصنيف ديوى العشرى
رقم التصنيف 296.83
رقم المادة م ى
100 1# - المدخل الرئيسى - إسم شخصى
الإسم الشخصى محمد احمد محمود حسن
245 10 - بيان العنوان
العنوان اليهودية التبشيرية فى الكتب المقدسة والى اليوم : خطورتها وترابطها /
بيان المسئوليه,etc محمد احمد محمود حسن
260 ## - PUBLICATION, DISTRIBUTION, ETC. (IMPRINT)
تاريخ النشر أو التوزيع 1985
300 ## - الوصف المادى
التعداد القاهرة
490 ## - بيان السلسلة
عنوان السلسلة الطريق الاسلامى لدفع المخاطر
رقم المجلد/ التعيين التسلسلي 0
650 04 - المدخل الاضافى بالموضوع-مصطلح موضوعى
مصطلح موضوعي اليهودية
650 04 - المدخل الاضافى بالموضوع-مصطلح موضوعى
مصطلح موضوعي التبشير
650 04 - المدخل الاضافى بالموضوع-مصطلح موضوعى
مصطلح موضوعي الارساليات التبشيرية
942 ## - عناصر المدخل الإضافي( كوها)
مصدر التصنيف او مخطط الترفيف Dewey Decimal Classification
Koha [default] item type كتاب
260 ## - PUBLICATION, DISTRIBUTION, ETC. (IMPRINT)
-- [S.N] :
-- مكتبة النهضة المصرية ،
Holdings
حالة التراجع حالة الفقد حالة تلف ليس للاعارة المكان المؤقت الموقع الحالى تاريخ الاكتساب اجمالي اﻻعارات رقم الطلب الباركود تاريخ اخر مشاهدة تاريخ تفعيل السعر نوع وعاء كوها
        مكتبة القاهرة الكبرى مكتبة القاهرة الكبرى 03/26/2014   296.83\م ى 69451 03/26/2014 03/26/2014 كتاب
        مكتبة القاهرة الكبرى مكتبة القاهرة الكبرى 03/26/2014   296.83\م ى 69452 03/26/2014 03/26/2014 كتاب

Powered By

EGPV